| 000 | 00334nam a22001337a 4500 | ||
|---|---|---|---|
| 003 | OSt | ||
| 082 | _a631 | ||
| 088 | _aT540 | ||
| 100 |
_aCHITHRA, M. R _94255 |
||
| 245 | _aMAPPING, INVENTORY AND CHANGE DETECTION OF WETLANDS OF THAVANUR GRAMA PANCHAYATH | ||
| 260 |
_aThavanur _c2022 |
||
| 700 | _aASHA, JOSEPH ( GUIDE ) | ||
| 942 | _cTH | ||
| 999 |
_c17608 _d17608 |
||